Countries with the letter J - Statistics

General Stats
  • This quiz has been taken 37 times
  • The average score is 5 of 7
Answer Stats
Answer % Correct
Jamaica
94%
Japan
94%
Jordan
86%
Azerbaijan
69%
Tajikistan
67%
Fiji
64%
Djibouti
56%
No matching quizzes found
Score Distribution
Percent of People with Each Score
Percentile by Number Answered
Your Score History
You have not taken this quiz